Представление документа в формате RUSMARC

ПолеНазваниеЗначение
  Тип записи a
  Библиографический уровень a
001 Контрольный номер RU/REG73/CBS_GRAD2/669898514
005 Дата корректировки 20251022135324.8
100 Данные общей обработки __
a Данные общей обработки 19 |||y0 y0189 ca
105 Кодированные данные (монография) __
a Кодированные данные (монография) p zy
200 Заглавие и сведения об ответственности 1_
a Заглавие "Все наше, тутошнее.."
f Первые сведения об ответственности Помогова/О.
e Сведения, относящиеся к заглавию Учитель русского языка и литературы Э.Р. Морозова передала Художественному музею подготовительные рисунки художника А. Пластова для детской книги А. Насимовича "Вешки"
b Общее обозначение материала Текст
203 Вид содержания и тип средства __
a Вид содержания Текст (визуальный) : непосредственный
461 Уровень набора _0
1 2001
a Мономах
463 Уровень физической единицы _0
1 2001
a № 4
v С.6-61
1 2101
d 2020
1 001RU/REG73/CBS_GRAD/f148db9539cc40e4b1a27edb141bcd69
610 Ключевые слова 0_
a Ключевые слова Пластов
700 Автор _1
a Фамилия Помогова
g Полное личное имя Ольга
801 Источник записи _0
a Страна RU
b Организация RuCBSGrad
g Правила каталогизации PSBO
801 Источник записи _1
a Страна RU
b Организация RuCBSGrad
g Правила каталогизации PSBO
901 Тип документа __
t Тип документа b
w Контрольный № источника RU/REG73/CBS_GRAD/f148db9539cc40e4b1a27edb141bcd69
981 __
b i
g e
2 isbdcontent
982 __
b n
2 isbdmedia